| 000 | 00854nam a2200337 a 4500 | ||
|---|---|---|---|
| 003 | AR-BaBNM | ||
| 005 | 20251128203944.0 | ||
| 008 | 082120s2002 ||||||||||||||000 | spa|| | ||
| 020 | _a84-7046-213-X | ||
| 040 | _cAR-BaBNM | ||
| 100 | 1 | _aLópez, Julio | |
| 245 | 0 | 0 | _aLa poesía y el teatro realista |
| 260 |
_aMadrid _bCincel _c1981 |
||
| 300 | _a86 p. | ||
| 490 | 0 | _aCuadernos de estudio. Literatura | |
| 500 | _aContiene índice de las materias | ||
| 500 | _aCuadro cronológico | ||
| 504 | _aBibliografía | ||
| 650 | 4 | _aPROSA | |
| 650 | 4 | _aLITERATURA ESPAÑOLA | |
| 650 | 4 | _aREALISMO | |
| 650 | 4 | _aPOESIA | |
| 650 | 4 | _aTEATRO | |
| 650 | 4 | _aCULTURA | |
| 650 | 4 | _aHUMANIDADES | |
| 655 | _aLITERATURA | ||
| 800 | 1 |
_aMarín, Marcos F. _ecoordinador |
|
| 800 | 1 |
_aBasanta, Angel _ecoordinador |
|
| 942 | _cBK | ||
| 998 | _cCarmen | ||
| 999 |
_c5603 _d5603 |
||